000 02294nam a2200253 a 4500
001 000024764
005 20250714091949.0
008 110203s1995 sp r 000 | spa d
020 _a9686101454
040 _aDO-SdBNP
_bspa
_cBNPHU
245 0 0 _aCampo académico de la comunicación :
_bhacia una reconstrucción reflexiva /
_ccoordinadores Jesús Galindo y Carlos Luna.
260 _aMéxico, D. F. :
_bInstituto Tecnológico y de Estudios Superiores de Occidente,
_c1995.
300 _a326 p. ;
_c21 cm.
490 1 _aPensar la Cultura
505 0 _tPresentación
_tLa institucionalización académica de las ciencias de la comunicación: campos, disciplina, profesiones /
_rRaúl Fuentes Navarro
_tLa investigación de la comunicación en tiempos neoliberales. Nuevos retos y posibilidades /
_rEnrique E. Sánchez Ruiz
_tLa comunicación percibida. El campo académico de la comunicación /
_rJesús Galindo Cáceres
_tPensar la ciudad desde la comunicación. Un ejercicio necesario /
_rRossana Reguillo
_tEnseñanza de la comunicación: tensiones y desencuentros /
_rCarlos E. Luna Cortés
_tEl humanismo en las escuelas de comunicación y el saber filosófico /
_rFrancisco Prieto
_tEros, ethos y pathos académicos. Acercamiento impresionista a algunas de las dimensiones de la relación maestro-alumno en las escuelas de comunicación /
_rÁngela María Godoy Fajardo
_tEnseñanza profesional de la comunicación: estrategias curriculares de la comunicación y mediaciones metodologías /
_rCarlos E. Luna Cortés
_tMercado ocupacional y el profesional de la comunicación /
_rMargarita Reyna Ruiz
_tDesafíos pedagógicos de la formación profesional del comunicador: modernización y democracia /
_rGuillermo Orozco Gómez
_tLa comunicación como mentalidad y como forma de vida. Juego de saberes y sentidos sobre lo humano y lo social /
_rJesús Galindo Cáceres
_tAnexo. Bibliografía general del campo académico de la comunicación en México (1986-1994) /
_rRaúl Fuentes Navarro
650 0 _aSocialismo
_9287
650 4 _aNacional socialismo
_950815
650 4 _aComunismo
_92880
650 0 _aSindicalismo
_97274
650 4 _aSistemas económicos
_97422
700 1 _aGalindo, Jesús
_950816
700 1 _aLuna, Carlos
_950817
710 2 _aConsejo Nacional para la Cultura y las Artes
_947134
999 _c24257
_d24257